| 000 | 00735nam a2200217 a 4500 | ||
|---|---|---|---|
| 001 | 000008354 | ||
| 005 | 20260202091015.0 | ||
| 008 | 090916s1987 dr a 001 0 spa d | ||
| 040 |
_aDO-SdBNP _bspa _cBNPHU |
||
| 082 |
_a658.3 _bC679r |
||
| 100 | 1 |
_aCoiscou Weber, Rodolfo _d1924 _922552 |
|
| 245 | 1 | 0 |
_aRelaciones humanas en la empresa : _bapuntes de cátedra / _cRodolfo Coiscou Weber. |
| 260 |
_aSanto Domingo, : _bTaller, _c1987. |
||
| 300 |
_a139 p. : _bil ; _c21 cm. |
||
| 490 | 1 |
_aAntología de nuestra voz _v33 |
|
| 504 | _aIncluye referecias bibliográficas [p. 229-230] | ||
| 650 | 0 |
_aAdministración de personal _91581 |
|
| 650 | 0 |
_aRelaciones humanas _9606 |
|
| 830 | 0 |
_aAntología de nuestra voz _n33 _922553 |
|
| 049 | _aBNPD | ||
| 999 |
_c8125 _d8125 |
||